Zaostávame v budovaní priemyselných parkov
Prílev priamych zahraničných investícií na Slovensko dosiahol za prvé štyri mesiace roku 2000 len 50 mil. Sk. Vybrané projekty s účasťou PZI v druhom polroku 2000 v SR. Priemyselné zóny vo svete. Projekty priemyselných zón na Slovensku. Prílev a stav zahraničných investícií na Slovensku a v krajinác...
Salvato in:
| Autore principale: | |
|---|---|
| Natura: | Capitolo di libro |
| Lingua: | slovacco |
| Soggetti: | |
| Tags: |
Nessun Tag, puoi essere il primo ad aggiungerne!!
|
MARC
| LEADER | 00000naa a2200000 4500 | ||
|---|---|---|---|
| 001 | r039375 | ||
| 005 | 20230920071350.5 | ||
| 041 | 0 | |a slo | |
| 044 | |a SK | ||
| 245 | 1 | 0 | |a Zaostávame v budovaní priemyselných parkov |c Marianna Onuferová |
| 520 | |a Prílev priamych zahraničných investícií na Slovensko dosiahol za prvé štyri mesiace roku 2000 len 50 mil. Sk. Vybrané projekty s účasťou PZI v druhom polroku 2000 v SR. Priemyselné zóny vo svete. Projekty priemyselných zón na Slovensku. Prílev a stav zahraničných investícií na Slovensku a v krajinách V4. Najväčší nefinanční investori v SR. Príčiny nízkeho prílevu PZI na Slovensko. | ||
| 610 | 2 | 0 | |a investície zahraničné |
| 610 | 2 | 0 | |a investori |
| 610 | 2 | 0 | |a investovanie |
| 610 | 2 | 0 | |a parky vedeckotechnické |
| 610 | 2 | 0 | |a parky priemyselné |
| 610 | 2 | 0 | |a zóny |
| 610 | 2 | 0 | |a projekty |
| 610 | 2 | 0 | |a programy rozvojové |
| 610 | 2 | 0 | |a kapitál zahraničný |
| 610 | 2 | 0 | |a obchod zahraničný |
| 610 | 2 | 0 | |a Slovensko |
| 610 | 2 | 0 | |a SVE |
| 610 | 2 | 0 | |a CEFTA |
| 100 | 1 | |a Onuferová, Marianna | |